000 00618nam a22001577a 4500
020 _a978-1-4711-4672-5
082 _a920
_bKNI/S
100 _aKNIGHT, PHIL
245 _aSHOE DOG
246 _aSHOE DOG
_bSHOE DOG
260 _aLONDON
_bSIMON& SCHUSTER
_c1988
300 _a386
520 _ahoe Dog is a first-person memoir written by Nike co-founder Phil Knight. It was published in 2016. Shoe Dog primarily recounts the events from 1962, the year Knight traveled around the world as a young man, to 1980, the year Nike went public and Knight became a multimillionaire.
650 _aMEMOIR IN ENGLISH
942 _cBK
999 _c8814
_d8814